[Event "Arber op 7th"]
[Site "Bodenmais"]
[Date "2018.08.02"]
[Round "6"]
[White "Kronschnabl, Matthias"]
[Black "Lehmann, Tim"]
[Result "1/2-1/2"]
[WhiteElo "1751"]
[BlackElo "1915"]
[PlyCount "40"]
[EventDate "2018.07.28"]
[EventType "swiss"]
[EventRounds "9"]
[EventCountry "GER"]
[SourceTitle "CBM 185 Extra"]
[Source "ChessBase"]
[SourceDate "2018.07.29"]
[SourceVersion "1"]
[SourceVersionDate "2018.07.29"]
[SourceQuality "1"]

1. d4 Nf6 2. Bf4 g6 3. e3 Bg7 4. Nf3 0-0 5. c3 d6 6. Nbd2 Nbd7 7. Be2 Nh5 8. Bg5 h6 9. Bh4 g5 10. Bg3 Nxg3 11. hxg3 e5 12. Qc2 Qe7 13. Ne4 f5 14. Bc4+ Rf7 15. Bxf7+ Qxf7 16. Ned2 g4 17. Nh4 Nb6 18. 0-0-0 Be6 19. f3 gxf3 20. gxf3 a5 1/2-1/2

[Event "Arber op 7th"]
[Site "Bodenmais"]
[Date "2018.07.30"]
[Round "3"]
[White "Huber, Florian"]
[Black "Kronschnabl, Matthias"]
[Result "1-0"]
[WhiteElo "2007"]
[BlackElo "1751"]
[PlyCount "45"]
[EventDate "2018.07.28"]
[EventType "swiss"]
[EventRounds "9"]
[EventCountry "GER"]
[SourceTitle "CBM 185 Extra"]
[Source "ChessBase"]
[SourceDate "2018.07.29"]
[SourceVersion "1"]
[SourceVersionDate "2018.07.29"]
[SourceQuality "1"]

1. d4 Nf6 2. Nf3 d5 3. e3 e6 4. Bd3 c5 5. b3 Nc6 6. Nbd2 cxd4 7. exd4 Bb4 8. Bb2 0-0 9. c3 Bd6 10. 0-0 a6 11. c4 Bd7 12. Ne5 Nb4 13. Bb1 b5 14. c5 Bc7 15. f4 Be8 16. Qe1 Nd7 17. Ndf3 Nxe5 18. dxe5 Nc6 19. Bxh7+ Kh8 20. Ng5 g6 21. Qh4 Kg7 22. Bxg6 Rh8 23. Qg4 1-0